1818 1540 1252 1708 1208 1530 1089 1401 1917 1715 1406 1980 1024 1534 1688 1799 1320 1829 1730 1190 1131 1393 1093 1166 1811 1847 1644 1257 1826 1647 1894 1018 1785 1786 1384 1452 1696 1737 1640 1800 1785 1667 1472 1097 1715 1812 1190 1822 1677 1490 1583 1577 1788 1068 1217 1877 1515 1431 1467 1285 1272 1791 1927 1437 1220 1665 1869 1081 1556 1083 1018 1776 1503 1521 1736 1152 1902 1470 1555 1431 1835 1578 1338 1360 1810 1668 1402 1362 1651 1876 1689 1394 1971 1418 1773 1301 1946 1310 1539 BCNSPRNW ULIB Ver.6.0+V

เปลี่ยนเป็นภาษาไทย

Change to English
 แสดงรายละเอียดบรรณานุกรม
  กลับหน้าหลัก

Brief Record : Get Marc (ISO 2709) : E-mail record : QR code < ปิดหน้าต่าง
LEADER : 00000nam 2200000uu 4500
001    13399120330
003     ULIB
008    120918s2548||||th 000 0 tha d
020    ^a9789749940716
060 04 ^aQW4^bน148จ 2548
100 0  ^aนงลักษณ์ สุวรรณพินิจ
245 10 ^aจุลชีววิทยาทั่วไป /^cนงลักษณ์ สุวรรณพินิจ, ปรีชาสุวรรณพินิจ
250    ^aพิมพ์ครั้งที่ 5
260    ^aกรุงเทพฯ :^bสำนักพิมพ์แห่งจุฬาลงกรณ์มหาวิทยาลัย,^c2548
300    ^a735 หน้า :^bภาพประกอบ ;^c26 ซม.
650  7 ^aจุลชีววิทยา
700 0  ^aปรีชา สุวรรณพินิจ
945    ^p0^l0^i14084
995    ^aกัณชพร
999 ^a ใช้งานได้ทุกระบบ
รายการนี้ยังไม่มีแท็ก
คุณยังไม่ได้ล็อกอิน คุณสามารถมีกิจกรรมร่วมกับเว็บไซต์ได้ แต่ต้องล็อกอินก่อน ::
  ล็อกอิน

รายการสื่อสารสนเทศ

ลำดับที่ ประเภท เลขเรียก/บาร์โค้ด สถานที่ สถานะ
1. วิทยาศาสตร์การแพทย์ และสุขภาพ
วิทยาศาสตร์การแพทย์ และสุขภาพ
QW4 น148จ 2548  
  Barcode: 14084
ห้องสมุดวิทยาเขตสวรรค์ประชารักษ์
►หนังสือทั่วไป
บนชั้น

รายการใกล้เคียง
    ผู้แต่ง [นงลักษณ์ สุวรรณพินิจ]

    หัวเรื่อง [จุลชีววิทยา]

BibComment


ยังไม่เคยถูกคอมเมนท์

คอมเมนท์ทรัพยากรรายการนี้
  คอมเมนท์: จุลชีววิทยาทั่วไ..


 Copyright 2026. Bcnsprnw @Library